Chinese Trotskyist movement and Ch'en Tu-Hsiu (Record no. 1078259)

MARC details
000 -LEADER
fixed length control field 00774nam a2200253Ia 4500
003 - CONTROL NUMBER IDENTIFIER
control field OSt
005 - DATE AND TIME OF LATEST TRANSACTION
control field 20221006143837.0
008 - FIXED-LENGTH DATA ELEMENTS--GENERAL INFORMATION
fixed length control field 221006b |||||||| |||| 00| 0 eng d
020 ## - INTERNATIONAL STANDARD BOOK NUMBER
-- 4.00
037 ## - SOURCE OF ACQUISITION
Terms of availability Textual
040 ## - CATALOGING SOURCE
Original cataloging agency EASL
Transcribing agency EASL
Language of cataloging eng
041 ## - LANGUAGE CODE
Source of code eng
Language code of text/sound track or separate title eng
100 ## - MAIN ENTRY--PERSONAL NAME
Personal name KAGAN Richard Clark
9 (RLIN) 650540
245 #0 - TITLE STATEMENT
Title Chinese Trotskyist movement and Ch'en Tu-Hsiu
Remainder of title Culture, revolution and polity, with an appended translation of Ch'en Tu-Hsiu's
260 ## - PUBLICATION, DISTRIBUTION, ETC.
Place of publication, distribution, etc. Ann Arbor
Name of publisher, distributor, etc. University Microfilms International
Date of publication, distribution, etc. 1979
300 ## - PHYSICAL DESCRIPTION
Extent 206.p
Dimensions cm.
490 ## - SERIES STATEMENT
Volume/sequential designation Th
942 ## - ADDED ENTRY ELEMENTS (KOHA)
Classification part WxM79:g, L91
Koha item type Textual
Source of classification or shelving scheme Colon Classification (CC)
Holdings
Withdrawn status Lost status Source of classification or shelving scheme Damaged status Not for loan Home library Current library Date acquired Serial Enumeration / chronology Total Checkouts Full call number Barcode Date last seen Price effective from Koha item type
          Department of East Asian Studies Library Department of East Asian Studies Library 2022-10-06 Th   WxM79:g L91 EA0556572 2022-10-06 2022-10-06 Textual
Copyright @ Delhi University Library System